Protimopolná politika Slovenskej republiky

Protimonopolná politika uplatňovaná v Slovenskej republike. Základy protimonopolnej politiky a legislatívny rámec, ktorý upravuje protimonopolnú politiku na Slovensku. Protimonopolný úrad SR a počet riešených prípadov tohto úradu od roku 2011.

Salvato in:
Dettagli Bibliografici
Autore principale: Kalusová, Lenka, 1987-
Natura: Capitolo di libro
Lingua:slovacco
Soggetti:
Tags: Aggiungi Tag
Nessun Tag, puoi essere il primo ad aggiungerne!!

MARC

LEADER 00000nla a2200000 4500
001 0211280
005 20240502083527.9
041 0 |a slo 
044 |a CZ 
245 1 0 |a Protimopolná politika Slovenskej republiky  |c Lenka Kalusová 
520 |a Protimonopolná politika uplatňovaná v Slovenskej republike. Základy protimonopolnej politiky a legislatívny rámec, ktorý upravuje protimonopolnú politiku na Slovensku. Protimonopolný úrad SR a počet riešených prípadov tohto úradu od roku 2011. 
610 2 0 |a Slovensko 
610 2 0 |a politika protimonopolná 
610 2 0 |a monopoly 
610 2 0 |a koncentrácia 
610 2 0 |a právo protimonopolné 
610 2 0 |a súťaž hospodárska 
610 2 0 |a konkurencia 
610 2 0 |a legislatíva 
100 1 |a Kalusová, Lenka, 1987-